[Event "CAN-op"]
[Site "Edmonton CAN"]
[Date "2005.07.10"]
[Round "2"]
[White "Dzieciolowski, Piotr"]
[Black "Rajski, Piotr"]
[Result "1-0"]
[WhiteElo "1686"]
[BlackElo "1746"]
[PlyCount "57"]
[GameId "2160767910901366"]
[EventDate "2005.07.09"]
[EventType "swiss"]
[EventRounds "10"]
[EventCountry "CAN"]
[SourceTitle "CBM 107 Extra"]
[Source "ChessBase"]
[SourceDate "2005.09.01"]
[SourceVersion "1"]
[SourceVersionDate "2005.09.01"]
[SourceQuality "1"]

1. e4 e5 2. Nf3 Nc6 3. d4 exd4 4. Nxd4 Nf6 5. Nc3 Bb4 6. Bg5 O-O 7. Nxc6 bxc6 8. Bd3 d5 9. O-O Bxc3 10. bxc3 dxe4 11. Bxf6 Qxf6 12. Bxe4 Qxc3 13. Qh5 g6 14. Qg5 Be6 15. Qe7 Rac8 16. Bd3 Rfe8 17. Qh4 Rb8 18. Qf4 Rbc8 19. h3 a5 20. a4 Re7 21. Rab1 Bd5 22. Rfd1 Rce8 23. Kh2 Be4 24. Bxe4 Rxe4 25. Qxc7 Rxa4 26. Rd8 Rae4 27. Rbb8 Rxd8 28. Qxd8+ Kg7 29. Qh8+ 1-0

[Event "CAN-op"]
[Site "Edmonton CAN"]
[Date "2005.07.10"]
[Round "2"]
[White "Haley, Phil"]
[Black "Achtemichuk, Chris"]
[Result "1-0"]
[WhiteElo "1772"]
[BlackElo "1514"]
[PlyCount "147"]
[GameId "2160767910901367"]
[EventDate "2005.07.09"]
[EventType "swiss"]
[EventRounds "10"]
[EventCountry "CAN"]
[SourceTitle "CBM 107 Extra"]
[Source "ChessBase"]
[SourceDate "2005.09.01"]
[SourceVersion "1"]
[SourceVersionDate "2005.09.01"]
[SourceQuality "1"]

1. d4 Nf6 2. Nf3 e6 3. Bf4 c5 4. c3 Nc6 5. e3 a6 6. Nbd2 cxd4 7. exd4 Be7 8. h3 b6 9. Bd3 Bb7 10. O-O d6 11. Qe2 Nh5 12. Bh2 Nf6 13. Rfe1 b5 14. a3 Rc8 15. a4 Qb6 16. axb5 axb5 17. Bxb5 O-O 18. Bd3 Ra8 19. Nc4 Qc7 20. Nfd2 Rfd8 21. Nb3 Nd5 22. Nc5 Rxa1 23. Rxa1 Ra8 24. Rxa8+ Bxa8 25. Nxe6 Qa7 26. Nf4 Qa1+ 27. Qf1 Qxf1+ 28. Kxf1 Nf6 29. b4 Na7 30. Ne2 Be4 31. Bxe4 Nxe4 32. f3 Nf6 33. Bxd6 Kf8 34. Bxe7+ Kxe7 35. Ne5 Nd5 36. Ke1 f6 37. Nd3 Ne3 38. g4 Kd6 39. Kd2 Nc4+ 40. Kc2 g5 41. Ng3 Nc8 42. Ne4+ Ke7 43. Nb2 Ne3+ 44. Kb3 Nd5 45. c4 Nf4 46. Nf2 Ne2 47. d5 Nd4+ 48. Kc3 Nxf3 49. c5 Na7 50. Nc4 Nb5+ 51. Kd3 Ne1+ 52. Ke2 Nc2 53. Nd3 Ncd4+ 54. Kf2 h6 55. d6+ Ke6 56. Nb6 Nxd6 57. cxd6 Kxd6 58. Ke3 Nc6 59. Ke4 Ne7 60. Nc4+ Kc6 61. Ne3 Kb5 62. Nf5 Nc6 63. Nxh6 Nb8 64. Ng8 Nd7 65. Kd5 Nb6+ 66. Kd4 Nd7 67. Kd5 Nb6+ 68. Ke6 Kc4 69. Nf2 Kxb4 70. Nxf6 Kc5 71. N2e4+ Kd4 72. Nxg5 Nc4 73. h4 Ne5 74. h5 1-0

[Event "CAN-op"]
[Site "Edmonton CAN"]
[Date "2005.07.10"]
[Round "2"]
[White "Kuczaj, Chris"]
[Black "Huber, Gregory"]
[Result "0-1"]
[WhiteElo "1904"]
[BlackElo "2310"]
[PlyCount "64"]
[GameId "2160767910901369"]
[EventDate "2005.07.09"]
[EventType "swiss"]
[EventRounds "10"]
[EventCountry "CAN"]
[SourceTitle "CBM 107 Extra"]
[Source "ChessBase"]
[SourceDate "2005.09.01"]
[SourceVersion "1"]
[SourceVersionDate "2005.09.01"]
[SourceQuality "1"]

1. e4 c5 2. Nf3 d6 3. c3 Nf6 4. Be2 Nc6 5. d4 cxd4 6. cxd4 Nxe4 7. d5 Qa5+ 8. Nc3 Nxc3 9. bxc3 Ne5 10. Nxe5 dxe5 11. O-O g6 12. Qb3 f6 13. Bb5+ Kf7 14. Bd2 e6 15. Rad1 Qa3 16. Qc4 a6 17. Bc1 axb5 18. dxe6+ Kg7 19. Bxa3 bxc4 20. e7 Bxe7 21. Bxe7 Kf7 22. Bb4 Rxa2 23. Ra1 Rd2 24. Ra5 Rhd8 25. Rc5 Be6 26. Rc7+ R8d7 27. Rxd7+ Bxd7 28. f3 g5 29. Rf2 Rd3 30. Ra2 g4 31. Kf2 gxf3 32. gxf3 Bc6 0-1

[Event "CAN-op"]
[Site "Edmonton CAN"]
[Date "2005.07.10"]
[Round "2"]
[White "Longson, Stan"]
[Black "Skylar, Malito"]
[Result "0-1"]
[WhiteElo "1322"]
[BlackElo "1661"]
[PlyCount "78"]
[GameId "2160767910901370"]
[EventDate "2005.07.09"]
[EventType "swiss"]
[EventRounds "10"]
[EventCountry "CAN"]
[SourceTitle "CBM 107 Extra"]
[Source "ChessBase"]
[SourceDate "2005.09.01"]
[SourceVersion "1"]
[SourceVersionDate "2005.09.01"]
[SourceQuality "1"]

1. e4 c5 2. Nf3 e6 3. Nc3 d6 4. Bb5+ Bd7 5. Bxd7+ Nxd7 6. Qe2 Be7 7. d3 Ngf6 8. h3 O-O 9. O-O h6 10. d4 cxd4 11. Nxd4 a6 12. Nf3 Re8 13. Rd1 Qa5 14. Bf4 e5 15. Be3 Rac8 16. Nd5 Bf8 17. c4 Nxe4 18. Bb6 Nxb6 19. Nxb6 Qxb6 20. Qxe4 Re6 21. b3 g5 22. Rd2 Qc6 23. Qf5 Bg7 24. Re1 Rce8 25. Nh2 e4 26. Ng4 Bc3 27. Nxh6+ Rxh6 28. Qxg5+ Rg6 29. Qe3 Bxd2 30. Qxd2 e3 31. fxe3 Qe4 32. Re2 Re5 33. g4 Qf3 34. Kh2 Rh6 35. Kg1 Rxh3 36. Rh2 Rxh2 37. Kxh2 Qxg4 38. Qg2 Qxg2+ 39. Kxg2 Rxe3 0-1

[Event "CAN-op"]
[Site "Edmonton CAN"]
[Date "2005.07.10"]
[Round "2"]
[White "Lynn, Jim"]
[Black "Haessel, Dale"]
[Result "0-1"]
[WhiteElo "1871"]
[BlackElo "2230"]
[PlyCount "68"]
[GameId "2160767910901371"]
[EventDate "2005.07.09"]
[EventType "swiss"]
[EventRounds "10"]
[EventCountry "CAN"]
[SourceTitle "CBM 107 Extra"]
[Source "ChessBase"]
[SourceDate "2005.09.01"]
[SourceVersion "1"]
[SourceVersionDate "2005.09.01"]
[SourceQuality "1"]

1. a3 g6 2. Nf3 Bg7 3. d4 Nf6 4. g3 b6 5. Bg2 Bb7 6. O-O c5 7. dxc5 bxc5 8. c4 O-O 9. Bd2 Nc6 10. Bc3 Qb6 11. Nbd2 Rab8 12. Qa4 a5 13. e3 Ng4 14. Bxg7 Kxg7 15. Rab1 Nce5 16. b4 Nxf3+ 17. Nxf3 Bxf3 18. Bxf3 Ne5 19. Be2 axb4 20. axb4 cxb4 21. Qb5 Qc7 22. Qd5 e6 23. Qe4 Rfc8 24. Rfc1 Qc5 25. Qd4 Qxd4 26. exd4 Nc6 27. d5 Nd4 28. Bd3 b3 29. dxe6 fxe6 30. f4 Ra8 31. Rb2 Ra2 32. Rcb1 Rca8 33. c5 Nf3+ 34. Kf2 Rxb2+ 0-1

[Event "CAN-op"]
[Site "Edmonton CAN"]
[Date "2005.07.10"]
[Round "2"]
[White "MacFarlane, Donald"]
[Black "Goodman, Kevin"]
[Result "0-1"]
[WhiteElo "1479"]
[BlackElo "1740"]
[PlyCount "54"]
[GameId "2160767910901372"]
[EventDate "2005.07.09"]
[EventType "swiss"]
[EventRounds "10"]
[EventCountry "CAN"]
[SourceTitle "CBM 107 Extra"]
[Source "ChessBase"]
[SourceDate "2005.09.01"]
[SourceVersion "1"]
[SourceVersionDate "2005.09.01"]
[SourceQuality "1"]

1. e4 c6 2. d4 d5 3. e5 Bf5 4. Nf3 e6 5. Be2 c5 6. c3 Nc6 7. Nbd2 b6 8. O-O a6 9. b3 Qc7 10. Re1 Be7 11. Nf1 b5 12. Ne3 Bg6 13. a4 b4 14. c4 cxd4 15. Nxd4 Nxd4 16. Qxd4 Bc5 17. Qf4 Ne7 18. Rd1 Rd8 19. cxd5 Bxe3 20. Bxe3 Nxd5 21. Qd4 O-O 22. Rac1 Nc3 23. Rxc3 bxc3 24. Qc4 Rxd1+ 25. Bxd1 Qxc4 26. bxc4 c2 27. Be2 Rb8 0-1

[Event "CAN-op"]
[Site "Edmonton CAN"]
[Date "2005.07.10"]
[Round "2"]
[White "Mattson, Dane"]
[Black "Jones, Avery"]
[Result "1/2-1/2"]
[WhiteElo "1819"]
[BlackElo "1582"]
[PlyCount "90"]
[GameId "2160767910901373"]
[EventDate "2005.07.09"]
[EventType "swiss"]
[EventRounds "10"]
[EventCountry "CAN"]
[SourceTitle "CBM 107 Extra"]
[Source "ChessBase"]
[SourceDate "2005.09.01"]
[SourceVersion "1"]
[SourceVersionDate "2005.09.01"]
[SourceQuality "1"]

1. d4 d5 2. c4 Nf6 3. cxd5 Nxd5 4. e4 Nf6 5. Nc3 c6 6. Be3 e6 7. a4 Be7 8. g3 O-O 9. Bg2 Re8 10. h3 Qc7 11. Nf3 Bb4 12. Ne5 Nbd7 13. Nd3 Bxc3+ 14. bxc3 e5 15. dxe5 Nxe5 16. Nxe5 Qxe5 17. Bd4 Qe7 18. Bxf6 Qxf6 19. Qc2 Be6 20. O-O Rad8 21. Rfd1 Qg6 22. a5 Qh5 23. Kh2 Bg4 24. Rd2 Bf3 25. Rd3 Bxg2 26. Kxg2 h6 27. f4 Qb5 28. c4 Qc5 29. e5 Rd4 30. Rxd4 Qxd4 31. Rd1 Qc5 32. Rd7 Qxa5 33. Rxb7 Rd8 34. Kf3 h5 35. g4 Qa3+ 36. Rb3 hxg4+ 37. Kxg4 Qc5 38. Qe4 a5 39. e6 fxe6 40. Qxe6+ Kh8 41. Re3 a4 42. Re5 Qg1+ 43. Kh4 Qf2+ 44. Kg4 Qg2+ 45. Kh4 Qf2+ 1/2-1/2

[Event "CAN-op"]
[Site "Edmonton CAN"]
[Date "2005.07.10"]
[Round "2"]
[White "Mulyar, Michael"]
[Black "Boron, Anthony"]
[Result "1-0"]
[WhiteElo "2422"]
[BlackElo "1966"]
[PlyCount "37"]
[GameId "2160767910901374"]
[EventDate "2005.07.09"]
[EventType "swiss"]
[EventRounds "10"]
[EventCountry "CAN"]
[SourceTitle "CBM 107 Extra"]
[Source "ChessBase"]
[SourceDate "2005.09.01"]
[SourceVersion "1"]
[SourceVersionDate "2005.09.01"]
[SourceQuality "1"]

1. e4 d5 2. exd5 Qxd5 3. Nc3 Qa5 4. d4 c6 5. Bc4 Bf5 6. Bd2 e6 7. Qe2 Nf6 8. d5 cxd5 9. Nxd5 Qd8 10. Nxf6+ gxf6 11. O-O-O Qc7 12. g4 Bg6 13. f4 Bxc2 14. Kxc2 b5 15. Bc3 bxc4 16. Bxf6 Rg8 17. Rd8+ Qxd8 18. Bxd8 Kxd8 19. Qf3 1-0

[Event "CAN-op"]
[Site "Edmonton CAN"]
[Date "2005.07.10"]
[Round "2"]
[White "Nataf, Igor A"]
[Black "Steininger, Gavin"]
[Result "1-0"]
[WhiteElo "2603"]
[BlackElo "2011"]
[PlyCount "51"]
[GameId "2160767910901375"]
[EventDate "2005.07.09"]
[EventType "swiss"]
[EventRounds "10"]
[EventCountry "CAN"]
[SourceTitle "CBM 107 Extra"]
[Source "ChessBase"]
[SourceDate "2005.09.01"]
[SourceVersion "1"]
[SourceVersionDate "2005.09.01"]
[SourceQuality "1"]

1. e4 c5 2. Nf3 Nc6 3. d4 cxd4 4. Nxd4 g6 5. c4 Bg7 6. Be3 Nh6 7. Be2 d6 8. O-O O-O 9. Nc3 f5 10. exf5 gxf5 11. f4 Qb6 12. Nxf5 Qxb2 13. Nxh6+ Bxh6 14. Rc1 Bg7 15. Qe1 Nd4 16. Bd3 Nf5 17. Bd2 Qb6+ 18. Kh1 Qd8 19. Qe4 h5 20. Qf3 Rf6 21. Nd5 Rh6 22. Rce1 e6 23. Bxf5 exf5 24. Re7 h4 25. Rfe1 Bd7 26. Bc3 1-0

[Event "CAN-op"]
[Site "Edmonton CAN"]
[Date "2005.07.10"]
[Round "2"]
[White "Neven, Knut"]
[Black "Miller, Brian"]
[Result "1/2-1/2"]
[WhiteElo "2233"]
[BlackElo "1870"]
[PlyCount "124"]
[GameId "2160767910901376"]
[EventDate "2005.07.09"]
[EventType "swiss"]
[EventRounds "10"]
[EventCountry "CAN"]
[SourceTitle "CBM 107 Extra"]
[Source "ChessBase"]
[SourceDate "2005.09.01"]
[SourceVersion "1"]
[SourceVersionDate "2005.09.01"]
[SourceQuality "1"]

1. d4 d5 2. c4 e6 3. Nc3 Nf6 4. Bg5 Be7 5. e3 Nbd7 6. Nf3 h6 7. Bh4 O-O 8. Bd3 dxc4 9. Bxc4 Re8 10. O-O c5 11. Qe2 cxd4 12. exd4 Nb6 13. Bb3 Nfd5 14. Bg3 Bd7 15. Ne5 Rc8 16. Qh5 Rf8 17. Rac1 Nf6 18. Qe2 Nbd5 19. Rfd1 a6 20. a4 Bb4 21. Na2 Ba5 22. Rxc8 Qxc8 23. Rc1 Qd8 24. Nc4 Bc7 25. Bxc7 Nxc7 26. Nd6 Qb8 27. Qe5 Ncd5 28. Nc3 Bc6 29. Nce4 Nxe4 30. Nxe4 Rd8 31. Qxb8 Rxb8 32. Bxd5 Bxd5 33. Nc5 Rc8 34. Rc3 a5 35. f3 Bc6 36. Kf2 Kf8 37. Ke3 Ke7 38. Nd3 Kd8 39. b3 Bd5 40. Kd2 Rxc3 41. Kxc3 Kc7 42. b4 b6 43. h4 f6 44. Nf4 g5 45. Nh5 f5 46. hxg5 hxg5 47. Nf6 Kd6 48. Nh7 g4 49. fxg4 fxg4 50. Nf6 Bxg2 51. Nxg4 Bd5 52. Ne5 Kc7 53. bxa5 bxa5 54. Nd3 Kc6 55. Nb2 Kb6 56. Kd3 Kc7 57. Ke3 Kd6 58. Nd3 Bc6 59. Nb2 Kd5 60. Kd3 e5 61. dxe5 Kxe5 62. Kc4 Bxa4 1/2-1/2

[Event "CAN-op"]
[Site "Edmonton CAN"]
[Date "2005.07.10"]
[Round "2"]
[White "Nikouline, Alexandre"]
[Black "Yoos, John"]
[Result "0-1"]
[WhiteElo "1947"]
[BlackElo "2442"]
[PlyCount "58"]
[GameId "2160767910901377"]
[EventDate "2005.07.09"]
[EventType "swiss"]
[EventRounds "10"]
[EventCountry "CAN"]
[SourceTitle "CBM 107 Extra"]
[Source "ChessBase"]
[SourceDate "2005.09.01"]
[SourceVersion "1"]
[SourceVersionDate "2005.09.01"]
[SourceQuality "1"]

1. e4 c5 2. Nf3 Nc6 3. d4 cxd4 4. Nxd4 Nf6 5. Nc3 d6 6. Bc4 Bd7 7. O-O e6 8. Bg5 a6 9. Kh1 h6 10. Bxf6 Qxf6 11. Nxc6 Bxc6 12. f4 b5 13. Bb3 b4 14. Ba4 Rc8 15. Bxc6+ Rxc6 16. Qf3 Rc7 17. Na4 Be7 18. c3 bxc3 19. Nxc3 O-O 20. f5 Qe5 21. Qd3 Rb8 22. Rf2 Rcb7 23. Rb1 a5 24. Qg3 Qxg3 25. hxg3 Bf6 26. Nd1 a4 27. Rc2 Rb4 28. Nc3 Rc4 29. Rd1 a3 0-1

[Event "CAN-op"]
[Site "Edmonton CAN"]
[Date "2005.07.10"]
[Round "2"]
[White "Oberton, Daniel"]
[Black "Gauer, Kai"]
[Result "1-0"]
[WhiteElo "1656"]
[BlackElo "1132"]
[PlyCount "71"]
[GameId "2160767910901378"]
[EventDate "2005.07.09"]
[EventType "swiss"]
[EventRounds "10"]
[EventCountry "CAN"]
[SourceTitle "CBM 107 Extra"]
[Source "ChessBase"]
[SourceDate "2005.09.01"]
[SourceVersion "1"]
[SourceVersionDate "2005.09.01"]
[SourceQuality "1"]

1. e4 d6 2. d4 a6 3. Nf3 Bg4 4. Be2 Nd7 5. h3 Bxf3 6. Bxf3 e5 7. Be3 c5 8. c3 c4 9. Nd2 b5 10. O-O Ne7 11. b3 Rc8 12. Rc1 g6 13. Be2 Nb6 14. dxe5 dxe5 15. Bxb6 Qxb6 16. bxc4 bxc4 17. Nxc4 Rxc4 18. Bxc4 Bh6 19. Rb1 Qc7 20. Bxa6 Qxc3 21. Rb8+ Nc8 22. Rxc8+ Qxc8 23. Bxc8 O-O 24. Qd7 Kg7 25. a4 Bg5 26. Rd1 h5 27. a5 Kh6 28. a6 Bh4 29. a7 Bxf2+ 30. Kxf2 Kg5 31. Qe7+ f6 32. Qxf8 h4 33. Rd6 Kh5 34. Qh8+ Kg5 35. Qxf6+ Kh6 36. Qxg6# 1-0

[Event "CAN-op"]
[Site "Edmonton CAN"]
[Date "2005.07.10"]
[Round "2"]
[White "Sagert, David"]
[Black "Peng, David Yu"]
[Result "0-1"]
[WhiteElo "1810"]
[BlackElo "2120"]
[PlyCount "104"]
[GameId "2160767910901380"]
[EventDate "2005.07.09"]
[EventType "swiss"]
[EventRounds "10"]
[EventCountry "CAN"]
[SourceTitle "CBM 107 Extra"]
[Source "ChessBase"]
[SourceDate "2005.09.01"]
[SourceVersion "1"]
[SourceVersionDate "2005.09.01"]
[SourceQuality "1"]

1. Nf3 d5 2. g3 c5 3. Bg2 Nc6 4. c4 d4 5. O-O g6 6. d3 Bg7 7. Nbd2 e5 8. Ne4 Qe7 9. Ne1 f5 10. Nd2 Nf6 11. e3 dxe3 12. fxe3 O-O 13. Nb3 Be6 14. Qc2 Rac8 15. Bd2 Bd7 16. Bc3 Rfe8 17. e4 fxe4 18. dxe4 Nd4 19. Nxd4 exd4 20. e5 Qxe5 21. Bd2 Bc6 22. Nd3 Qc7 23. Bf4 Qb6 24. b3 Bxg2 25. Qxg2 Qc6 26. Qxc6 Rxc6 27. Rae1 Re4 28. Be5 Re6 29. Rxe4 Nxe4 30. Bxg7 Kxg7 31. Re1 Ng5 32. Kg2 Rxe1 33. Nxe1 Kf6 34. Nd3 b6 35. h4 Ne4 36. Kf3 Nc3 37. a4 Nb1 38. a5 Nd2+ 39. Ke2 Nxb3 40. axb6 axb6 41. Nb2 Na5 42. Kd3 Kf5 43. Na4 Kg4 44. Nxb6 Kxg3 45. Nd7 Nb7 46. Ne5 Kxh4 47. Ke4 g5 48. Kf3 h5 49. Kg2 g4 50. Kh2 Kg5 51. Kg2 h4 52. Kh2 Nd6 0-1

[Event "CAN-op"]
[Site "Edmonton CAN"]
[Date "2005.07.10"]
[Round "2"]
[White "Taylor, William"]
[Black "Thipsay, Bagyashree Sathe"]
[Result "0-1"]
[WhiteElo "1900"]
[BlackElo "2269"]
[PlyCount "90"]
[GameId "2160767910901381"]
[EventDate "2005.07.09"]
[EventType "swiss"]
[EventRounds "10"]
[EventCountry "CAN"]
[SourceTitle "CBM 107 Extra"]
[Source "ChessBase"]
[SourceDate "2005.09.01"]
[SourceVersion "1"]
[SourceVersionDate "2005.09.01"]
[SourceQuality "1"]

1. f4 d5 2. b3 Nf6 3. Bb2 c6 4. e3 Bg4 5. Be2 Bxe2 6. Qxe2 Nbd7 7. Nf3 Qc7 8. O-O e6 9. d3 Bd6 10. Nbd2 O-O-O 11. d4 Ne4 12. Nxe4 dxe4 13. Nd2 f5 14. Nc4 Bf8 15. a4 Nf6 16. c3 Rg8 17. g3 g5 18. b4 h5 19. Rf2 gxf4 20. exf4 h4 21. Rg2 Bh6 22. b5 h3 23. Rf2 Bxf4 24. b6 axb6 25. Nxb6+ Kb8 26. Rxf4 Qxf4 27. Kh1 Qc7 28. a5 f4 29. Rf1 fxg3 30. hxg3 Rxg3 31. Bc1 Rg2 32. Bf4 Rxe2 33. Bxc7+ Kxc7 34. Rxf6 e3 35. Rf7+ Kb8 36. Rf3 Rg8 37. Rxh3 Re1+ 38. Kh2 e2 39. Re3 Rgg1 40. Rxe2 Rh1+ 41. Kg2 Rxe2+ 42. Kxh1 Ka7 43. Na4 e5 44. Nc5 exd4 45. cxd4 Rd2 0-1

[Event "CAN-op"]
[Site "Edmonton CAN"]
[Date "2005.07.10"]
[Round "2"]
[White "Willie, Joshua"]
[Black "Caron, Harvey"]
[Result "0-1"]
[WhiteElo "1555"]
[BlackElo "1741"]
[PlyCount "58"]
[GameId "2160767910901382"]
[EventDate "2005.07.09"]
[EventType "swiss"]
[EventRounds "10"]
[EventCountry "CAN"]
[SourceTitle "CBM 107 Extra"]
[Source "ChessBase"]
[SourceDate "2005.09.01"]
[SourceVersion "1"]
[SourceVersionDate "2005.09.01"]
[SourceQuality "1"]

1. e4 c5 2. Nf3 d6 3. d4 cxd4 4. Nxd4 Nf6 5. Nc3 a6 6. Bc4 e6 7. Bb3 Nc6 8. a3 e5 9. Nde2 Be6 10. Bxe6 fxe6 11. Bg5 Be7 12. f3 b5 13. b4 Nd7 14. Bxe7 Qxe7 15. Qd2 Nb6 16. Qc1 Rc8 17. O-O O-O 18. Nd1 d5 19. c3 dxe4 20. fxe4 Rxf1+ 21. Kxf1 Qh4 22. Ng3 Qxh2 23. Qg5 Rf8+ 24. Nf2 Rf6 25. Rd1 Rg6 26. Qe3 Nc4 27. Qc5 Rxg3 28. Qxc6 Qxg2+ 29. Ke1 Re3# 0-1

[Event "CAN-op"]
[Site "Edmonton CAN"]
[Date "2005.07.10"]
[Round "2"]
[White "Yam, Alex"]
[Black "Shirov, Alexei"]
[Result "0-1"]
[WhiteElo "2048"]
[BlackElo "2705"]
[PlyCount "78"]
[GameId "2160767910901383"]
[EventDate "2005.07.09"]
[EventType "swiss"]
[EventRounds "10"]
[EventCountry "CAN"]
[SourceTitle "CBM 107 Extra"]
[Source "ChessBase"]
[SourceDate "2005.09.01"]
[SourceVersion "1"]
[SourceVersionDate "2005.09.01"]
[SourceQuality "1"]

1. f4 d5 2. b3 g6 3. Bb2 Nf6 4. Nf3 Bg7 5. e3 O-O 6. Be2 c5 7. O-O Nc6 8. Qe1 d4 9. Na3 Nd5 10. Bc4 Nb6 11. Bb5 Nb4 12. e4 a6 13. Bd3 Nd7 14. e5 Nxd3 15. cxd3 b6 16. Qg3 Bb7 17. Rae1 e6 18. Nc4 Bd5 19. Qh3 b5 20. Nd6 Qa5 21. a3 Bxb3 22. g4 f6 23. f5 Nxe5 24. Rxe5 fxe5 25. fxg6 hxg6 26. Ng5 Rxf1+ 27. Kxf1 Qxd2 28. Qh7+ Kf8 29. Qxg6 Qf4+ 30. Ke1 Ke7 31. Nde4 Qe3+ 32. Kf1 Qf4+ 33. Ke1 Rg8 34. h4 Qe3+ 35. Kf1 Qxd3+ 36. Kg1 Qe3+ 37. Kg2 Qf4 38. Kh3 Bc4 39. h5 Bf1+ 0-1

[Event "CAN-op"]
[Site "Edmonton CAN"]
[Date "2005.07.10"]
[Round "2.4"]
[White "Lane, Travis"]
[Black "Moiseenko, Alexander"]
[Result "0-1"]
[WhiteElo "2037"]
[BlackElo "2652"]
[PlyCount "58"]
[GameId "2160767910901384"]
[EventDate "2005.07.09"]
[EventType "swiss"]
[EventRounds "10"]
[EventCountry "CAN"]

1. e4 g6 2. Nc3 Bg7 3. g3 c5 4. Bg2 Nc6 5. Nge2 e6 6. d3 Nge7 7. Be3 d6 8. f4 O-O 9. Qd2 b6 10. Rd1 Ba6 11. f5 Qd7 12. O-O exf5 13. exf5 Nxf5 14. Rxf5 gxf5 15. Bh6 f6 16. Bd5+ Kh8 17. Bxg7+ Kxg7 18. Nf4 Rae8 19. Nh5+ Kh8 20. Qh6 Nd4 21. Nxf6 Qg7 22. Qxg7+ Kxg7 23. Nxe8+ Rxe8 24. Rd2 Re1+ 25. Kg2 Rc1 26. Bb3 Bb7+ 27. Kf2 Rh1 28. h4 Rh2+ 29. Ke3 f4+ 0-1

[Event "CAN-op"]
[Site "Edmonton CAN"]
[Date "2005.07.10"]
[Round "2.5"]
[White "Ganguly, Surya Shekhar"]
[Black "Fairbairn, Stephen"]
[Result "1-0"]
[WhiteElo "2636"]
[BlackElo "2022"]
[PlyCount "92"]
[GameId "2160767910901385"]
[EventDate "2005.07.09"]
[EventType "swiss"]
[EventRounds "10"]
[EventCountry "CAN"]

1. e4 d5 2. exd5 Qxd5 3. Nc3 Qa5 4. d4 Nf6 5. Nf3 c6 6. Bc4 Bf5 7. Bd2 e6 8. Nd5 Qd8 9. Nxf6+ gxf6 10. Bb3 Nd7 11. Qe2 Qc7 12. Nh4 Bg6 13. O-O-O O-O-O 14. g3 Bd6 15. Bc3 Rhg8 16. Kb1 Rde8 17. Rhe1 Kb8 18. d5 cxd5 19. Bxd5 Be5 20. Bxe5 Nxe5 21. Bg2 Rc8 22. Nxg6 hxg6 23. Rd4 Rgd8 24. Red1 Rxd4 25. Rxd4 Rd8 26. Rxd8+ Qxd8 27. a3 Qd7 28. h4 a6 29. Qe4 Ka7 30. g4 Nc6 31. Qf3 f5 32. h5 gxh5 33. gxh5 Qd2 34. Qe3+ Qxe3 35. fxe3 Ne5 36. h6 Ng6 37. h7 b5 38. b4 Kb6 39. Kb2 e5 40. Bh3 f4 41. exf4 exf4 42. Bf5 Nh8 43. Be4 f6 44. Kc3 a5 45. Kd4 axb4 46. axb4 Nf7 1-0

[Event "CAN-op"]
[Site "Edmonton CAN"]
[Date "2005.07.10"]
[Round "2.6"]
[White "Schulz, Waldemar"]
[Black "Shabalov, Alexander"]
[Result "0-1"]
[WhiteElo "2056"]
[BlackElo "2631"]
[PlyCount "62"]
[GameId "2160767910901386"]
[EventDate "2005.07.09"]
[EventType "swiss"]
[EventRounds "10"]
[EventCountry "CAN"]

1. Nf3 d5 2. g3 Bg4 3. Bg2 Nd7 4. d4 e6 5. Nbd2 f5 6. c4 c6 7. O-O Bd6 8. e3 Ngf6 9. Qc2 O-O 10. b3 Ne4 11. Bb2 Qf6 12. Ne1 Bb4 13. Ndf3 Qh6 14. a3 Bd6 15. Ne5 Nxe5 16. dxe5 Be7 17. Nd3 Rad8 18. c5 Ng5 19. f4 Ne4 20. b4 g5 21. Bd4 Rf7 22. Nf2 Bh5 23. Ra2 Rg7 24. Qd3 Kh8 25. Nh3 Rdg8 26. Rc1 Bg4 27. Nf2 Bf3 28. Nxe4 dxe4 29. Qf1 gxf4 30. exf4 Bh4 31. Rcc2 Bxg3 0-1

[Event "CAN-op"]
[Site "Edmonton CAN"]
[Date "2005.07.10"]
[Round "2.8"]
[White "Davies, Noam"]
[Black "Kunte, Abhijit"]
[Result "0-1"]
[WhiteElo "2008"]
[BlackElo "2601"]
[PlyCount "66"]
[GameId "2160767910901387"]
[EventDate "2005.07.09"]
[EventType "swiss"]
[EventRounds "10"]
[EventCountry "CAN"]

1. e4 c5 2. Nf3 e6 3. d4 cxd4 4. Nxd4 a6 5. Bd3 Bc5 6. Nb3 Ba7 7. O-O Nc6 8. Kh1 Nf6 9. f4 d6 10. Qe1 Ng4 11. Qg3 h5 12. Nc3 g6 13. Bd2 b5 14. Rae1 Bb7 15. Be2 f5 16. exf5 gxf5 17. Bxg4 hxg4 18. Be3 Kf7 19. Bxa7 Rxa7 20. Ne4 fxe4 21. f5 e5 22. f6 Bc8 23. Rxe4 Be6 24. Rxg4 Bxg4 25. Qxg4 Qg8 26. Qe4 Nd8 27. Qd5+ Ne6 28. Qxd6 Qg3 29. h3 Rd8 30. Qb6 Rad7 31. Nc5 Nf4 32. Qc6 Rd1 33. Qb7+ R8d7 0-1

[Event "CAN-op"]
[Site "Edmonton CAN"]
[Date "2005.07.10"]
[Round "2.9"]
[White "Sandipan, Chanda"]
[Black "Graves, Charles"]
[Result "1-0"]
[WhiteElo "2600"]
[BlackElo "2000"]
[PlyCount "97"]
[GameId "2160767910901388"]
[EventDate "2005.07.09"]
[EventType "swiss"]
[EventRounds "10"]
[EventCountry "CAN"]

1. e4 Nf6 2. e5 Nd5 3. d4 d6 4. Nf3 dxe5 5. Nxe5 g6 6. Bc4 c6 7. O-O Bg7 8. Bb3 O-O 9. Qe2 Nd7 10. c4 Nc7 11. Nf3 Nb6 12. h3 h6 13. Nc3 a5 14. a4 Na6 15. Bf4 e6 16. Rad1 Nd7 17. Bc2 Nf6 18. Rd2 b6 19. Qe3 Kh7 20. Ne5 Nb4 21. Bb1 Ba6 22. Rfd1 Bb7 23. Qe2 Ba6 24. h4 Kg8 25. Qe3 h5 26. Bg5 Qe8 27. Bh6 Rb8 28. Bxg7 Kxg7 29. Ne4 Nxe4 30. Qxe4 Bb7 31. Qf4 Rd8 32. b3 Qe7 33. Qg3 Qe8 34. Be4 Rc8 35. Re1 Rd8 36. f4 Bc8 37. Bf3 f6 38. Nd3 Rxd4 39. Red1 Rxd3 40. Rxd3 Nxd3 41. Rxd3 Qe7 42. Kh2 Qc5 43. Be4 f5 44. Bf3 b5 45. cxb5 cxb5 46. Bxh5 Rf6 47. Rc3 Qf8 48. Rc7+ Kh8 49. Bxg6 1-0

[Event "CAN-op"]
[Site "Edmonton CAN"]
[Date "2005.07.10"]
[Round "2.10"]
[White "Olson, Hans"]
[Black "Tyomkin, Dimitri"]
[Result "0-1"]
[WhiteElo "2002"]
[BlackElo "2549"]
[PlyCount "80"]
[GameId "2160767910901389"]
[EventDate "2005.07.09"]
[EventType "swiss"]
[EventRounds "10"]
[EventCountry "CAN"]

1. e4 c5 2. Nc3 Nc6 3. f4 g6 4. Nf3 Bg7 5. Bb5 Nd4 6. a4 Nf6 7. d3 O-O 8. O-O d5 9. exd5 Nxd5 10. Nxd5 Qxd5 11. Bc4 Qd6 12. Nxd4 Bxd4+ 13. Kh1 e6 14. c3 Bg7 15. Qc2 Bd7 16. Be3 Rfd8 17. Rad1 Qc7 18. b3 a6 19. d4 cxd4 20. Bxd4 Bxa4 21. Bxg7 Qxc4 22. bxc4 Bxc2 23. Rxd8+ Rxd8 24. Be5 Rd2 25. c5 Be4 26. Rg1 Kf8 27. h4 h5 28. Kh2 Ke7 29. Kh3 Kd7 30. g4 Rd3+ 31. Kh2 hxg4 32. Rxg4 Kc6 33. Bd4 Rd2+ 34. Kg1 a5 35. Rg3 a4 36. Re3 a3 37. Re1 a2 38. Ra1 Bb1 39. Be3 Re2 40. Bd4 Kd5 0-1